LEADER 01418nam a2200289 a 4500 001 000000139055 003 CaOOAMICUS 005 20140627134036.0 008 140627s2005 it u000 u ita r 040 $aPUL$bita 041 1 $aita$ager$aeng$afre 082 04$a327.1 100 1 $aCiampi, Carlo Azeglio.$0(OLS)http://pul/name/62006 245 12$aL'Unione Europea ed il suo futuro :$binterventi del Presidente della Repubblica Italiana Carlo Azeglio Ciampi: 22 aprile 2004-15 luglio 2005 /$cCarlo Azeglio Ciampi. 260 $a[S.l. :$bs.n.]$eRoma :$fArt Color Printing,$g2005 300 $a230 p. ;$c21 cm 500 $aIn testa al front.: Presidenza della Repubblica Italiana. 546 $atesto tradotto in inglese, francese e tedesco. 610 14$aUnione europea$xStudi.$0(OLS)http://pul/subject/40622 710 1 $aItalia.$bPresidenza della Repubblica.$0(OLS)http://pul/name/5152 850 $aPUL 852 $aPUL$W1$xDP2 Diritto e Scienze Sociali 3$y110$m327. 1 CIACA 1$j160561$qDDC 21$B159984$CPULBib$Z2$F159984 $H124302 $82 941 1 $a9 996 $6082$a327.1$9(OLS)http://pul/classification/598 996 $6245$aL'Unione Europea ed il suo futuro :$binterventi del Presidente della Repubblica Italiana Carlo Azeglio Ciampi: 22 aprile 2004-15 luglio 2005$9(OLS)http://pul/title/176052 996 $6260$a[S.l. :$bs.n.]$9(OLS)http://pul/publisher/81594 LEADER 00882nam a2200217 u 4500 001 000000110154 003 CaOOAMICUS 005 20080227150054.0 008 080227s1976 ag u000 u spa u 040 $aPUL$bita$dLDB 100 1 $aPolakovic, Stefan,$d1912-$0(OLS)http://pul/name/19283 245 11$a?Que es una nacion ? /$cEsteban Polakovic. 260 $aBuenos Aires :$bAsociacion cultural eslovaca,$c1976. 300 $a203 p. ;$c20 cm. 504 $aBibliografia in nota. 650 4$aNazionalismo.$0(OLS)http://pul/subject/23417 850 $aPUL 852 $aPUL$W1$xDP1 Cons. Gen., Altre Classi 1$y22$m843 B 36$j126162$qStampati$B124889$CPULBib$Z2$F124889 $H45726 $82 941 1 $a8 996 $6245$a?Que es una nacion ?$9(OLS)http://pul/title/138503 996 $6260$aBuenos Aires :$bAsociacion cultural eslovaca$9(OLS)http://pul/publisher/79716